| 000 | 00900nam a22003017a 4500 | ||
|---|---|---|---|
| 005 | 20230515143330.0 | ||
| 008 | 230515b ||||| |||| 00| 0 eng d | ||
| 040 | _cAL | ||
| 041 | _aEnglish | ||
| 082 |
_223 _a574.5 _bVINE |
||
| 100 |
_aVinayaka K S and others _9104222 |
||
| 245 | _aEcology and Conservation Biology | ||
| 260 |
_aMangalore _bUnited Agencies _c2023 |
||
| 300 |
_a226 p. _bPB _c21x13.5 cm. |
||
| 365 |
_a995 _b₹160.00 _c₹ _d₹200.00 _e20% _f09-05-2023 |
||
| 650 |
_aNEP _9104223 |
||
| 650 |
_aIV SEM B.Sc _9104224 |
||
| 650 |
_aEcosystem _9104225 |
||
| 650 |
_aPhytogeography _9104226 |
||
| 650 |
_aEnvironmental Issues _9104227 |
||
| 650 |
_aBiodiversity _9104228 |
||
| 650 |
_aConservation _9104229 |
||
| 700 |
_aVINAYAKA (K S) _9104230 |
||
| 700 |
_aDHARMENDRA _9104231 |
||
| 700 |
_aPATIL (Rahul R) _9104232 |
||
| 700 |
_aCHANNABASAVA (A) _9104233 |
||
| 942 |
_2ddc _cBK |
||
| 999 |
_c227307 _d227307 |
||